Good Research Guide for Small- Scale Social Research Projects. (Record no. 10514)
[ view plain ]
| 000 -LEADER | |
|---|---|
| fixed length control field | 00660nam a2200241 a 4500 |
| 020 ## - INTERNATIONAL STANDARD BOOK NUMBER | |
| ISBN | 8176491 |
| 082 00 - DEWEY DECIMAL CLASSIFICATION NUMBER | |
| Classification number | 001.42 |
| Author Cutter | DEN |
| 100 ## - MAIN ENTRY--AUTHOR NAME | |
| Author name | Denscombe, Martyn |
| 245 ## - TITLE STATEMENT | |
| Title | Good Research Guide for Small- Scale Social Research Projects. |
| 260 ## - PUBLICATION, DISTRIBUTION, ETC. (IMPRINT) | |
| Place of publication | New Delhi |
| Name of publisher | Viva Books, 3rd Edition |
| Year of publication | 1999 |
| 300 ## - PHYSICAL DESCRIPTION | |
| Number of Pages | 248p. |
| 500 ## - GENERAL NOTE | |
| General note | includes index and biblioraphy |
| 505 2# - FORMATTED CONTENTS NOTE | |
| Formatted contents note | References and Index. |
| 650 ## - SUBJECT ADDED ENTRY--TOPICAL TERM | |
| Topical Term | Research Methodology |
| 942 ## - ADDED ENTRY ELEMENTS (KOHA) | |
| Koha item type | Books |
| 700 1# - | |
| -- | Denscombe, Martyn |
| Collection code | Home library | Current library | Date acquired | Cost, normal purchase price | Full call number | Accession Number | Koha item type |
|---|---|---|---|---|---|---|---|
| Henry Martyn Institute Library | Henry Martyn Institute Library | 07/26/2010 | 195.00 | 001.42 DEN | 019665 | Books |
